000 01149cac a22003375a 4500
999 _c9474
_d9474
003 EG-ScBUE
005 20191209124317.0
008 180828s1993 nyu f d 000 0 mul d
020 _a0781800560
020 _a9780781800563
040 _aEG-ScBUE
_beng
_erda
_cEG-ScBUE
_dEG-ScBUE
041 0 _aeng
_aper
082 0 4 _a491.55321
_bHAI
_222
100 1 _aHaim, S,
_eauthor.
245 1 0 _aEnglish - Persian dictionary =
_bانكليسي - فارسي /
_cS. Haim.
264 1 _aNew York, NY :
_bHippocrene Books,
_c1993.
300 _a700 pages, 5 unnumbered pages ;
_c20 cm.
336 _2rdacontent
_atext
_btxt
337 _2rdamedia
_aunmediated
_bn
338 _2rdacarrier
_avolume
_bnc
490 0 _aHippocrene standard dictionary
500 _aOriginally published in 1987 by Farhang Moaser, Tehran.
546 _aText in English and Persian.
590 _aMarwa Ashraf
650 7 _aEnglish language
_vDictionaries
_xPersian.
_2BUEsh
650 7 _aPersian language
_vDictionaries
_xEnglish
_2BUEsh
651 _2BUEsh
653 _bHHUUEENN
_cJuly2019
655 _vReading book
942 _cREFERENCE
_k491.55HAI
_2ddc